Chapter 6 Paper Technologies, Digital Technologies: Working With Early Modern Medical Records (Record no. 13301)

MARC details
000 -LEADER
fixed length control field 00880nam a2200133Ia 4500
008 - FIXED-LENGTH DATA ELEMENTS--GENERAL INFORMATION
fixed length control field 220615s9999||||xx |||||||||||||| ||und||
100 ## - MAIN ENTRY--PERSONAL NAME
Personal name Richards, Jennifer||Atkinson, Sarah||Macnaughton, Jane
245 #0 - TITLE STATEMENT
Title Chapter 6 Paper Technologies, Digital Technologies: Working With Early Modern Medical Records
546 ## - LANGUAGE NOTE
Language note English[eng]
650 ## - SUBJECT ADDED ENTRY--TOPICAL TERM
Topical term or geographic name entry element affect||medical humanities||experimentation||mind||body||evidence||imagination||affect||medical humanities||experimentation||mind||body||evidence||imagination||Astrology||Casebook||Digital humanities||Duden||History of medicine||Medicine||Michel Foucault
700 ## - ADDED ENTRY--PERSONAL NAME
Personal name Woods, Angela||Whitehead, Anne
856 ## - ELECTRONIC LOCATION AND ACCESS
Uniform Resource Identifier <a href="https://library.oapen.org/bitstream/20.500.12657/29789/1/1000159.pdf||https://library.oapen.org/bitstream/20.500.12657/29789/1/1000159.pdf||https://library.oapen.org/bitstream/20.500.12657/29789/1/1000159.pdf">https://library.oapen.org/bitstream/20.500.12657/29789/1/1000159.pdf||https://library.oapen.org/bitstream/20.500.12657/29789/1/1000159.pdf||https://library.oapen.org/bitstream/20.500.12657/29789/1/1000159.pdf</a>
942 ## - ADDED ENTRY ELEMENTS (KOHA)
Koha item type E-Books
Holdings
Withdrawn status Lost status Damaged status Not for loan Home library Current library Date acquired Total Checkouts Date last seen Price effective from Koha item type
        Kerala University of Digital Sciences, Innovation and Technology Knowledge Centre Kerala University of Digital Sciences, Innovation and Technology Knowledge Centre 15/06/2022   15/06/2022 15/06/2022 E-Books